00776nam a22002057a 450000500170000001000150001702000260003203500140005803700090007208200080008110000250008924500900011426000460020427000780025030000200032870000310034894200220037999900190040195201500042020250128155835.0 aENG-143632 a9789355014443c750.00 aEN-127164 bDBAD a624 aKhurmi , R S 977255 aCivil Engineering: bConventional and Objective Type/ cby R S Khurmi [and] J K Gupta aNew DelhibS. Chand Publishingc2023(rep) aA-27, 2nd Floor, Mohan Co-Operative Industrial Estate bNew Delhie110044v a598p.c27cm(pb) aGupta, J K eAuthor977256 2ddccENmKHUh624 c208861d208861 001040708NFICaMbMd2025-01-28eDelivery of Books Act Divisiong750.00l0oKHU 624pEN-127164r2025-01-28 00:00:00t1v750.00w2025-01-28yEN